ASOIAF By Any 3 Letters Quiz Stats

 Plays Quiz Updated Aug 8, 2018

Score 0/298 Timer 10:00
5 Plays Today
% Correct
Brandon Stark
97.6%
Daenerys Targaryen
97.3%
Viserys Targaryen
97.2%
Stannis Baratheon
97.1%
Eddard Stark
97.1%
Aerys Targaryen II
97.1%
Arya Stark
97%
Sansa Stark
97%
Bran Stark
96.9%
Harry Strickland
96.8%
Robb Stark
96.8%
Tyrion Lannister
96.7%
Rickard Karstark
96.6%
Robert Baratheon
96.5%
Rickon Stark
96.5%
Garlan Tyrell
96.3%
Alys Karstark
96.3%
Lyanna Stark
96.2%
Benjen Stark
96.2%
Jaime Lannister
96.2%
Cersei Lannister
96.1%
Obara Sand
96.1%
Joffrey Baratheon
96%
Barristan Selmy
95.9%
Baelor Targaryen
95.9%
Rhaegar Targaryen
95.8%
Arnolf Karstark
95.8%
Robert Arryn
95.8%
Young Griff (Aegon Targaryen)
95.8%
Myrcella Baratheon
95.7%
Victarion Greyjoy
95.7%
Tommen Baratheon
95.7%
Tywin Lannister
95.6%
Aegon Targaryen I
95.6%
Renly Baratheon
95.5%
Shireen Baratheon
95.4%
Margaery Tyrell
95.3%
Greatjon Umber
95.1%
Catelyn Stark
95.1%
Addam Marbrand
95%
Randyll Tarly
94.8%
Sandor Clegane
94.8%
Daven Lannister
94.7%
Lommy Greenhands
94.6%
Melisandre of Asshai
94.6%
Robar Royce
94.5%
Theon Greyjoy
94.4%
Petyr Frey
94.2%
Samwell Tarly
94.2%
Lancel Lannister
94.1%
Maester Aemon
94%
Kevan Lannister
93.9%
Brienne of Tarth
93.7%
Loras Tyrell
93.7%
Willas Tyrell
93.6%
Sarella Sand
93.5%
Nymeria Sand
93.5%
Doran Martell
93%
Asha Greyjoy
93%
Missandei
93%
Oberyn Martell
93%
Aeron Greyjoy
92.9%
Gregor Clegane
92.8%
Desmond Grell
92.8%
Balon Greyjoy
92.7%
Arianne Martell
92.6%
Mace Tyrell
92.6%
Barbrey Ryswell
92.5%
Euron Greyjoy
92.5%
Quentyn Martell
92.4%
Tyene Sand
92.2%
Elia Martell
92.1%
Jon Snow
92%
Petyr Baelish
91.8%
Waymar Royce
91.4%
Grenn
91.3%
Grey Worm
91.3%
Galbart Glover
91%
Marillion
90.9%
Mandon Moore
90.7%
Beric Dondarrion
90.3%
Jon Arryn
90%
Wendel Manderly
89.6%
Wyman Manderly
89.4%
Ryman Frey
89.4%
Maege Mormont
88.8%
Tanda Stokeworth
88.5%
Myranda Royce
88.3%
Hoster Tully
88.2%
Little Walder Frey
88%
Bowen Marsh
88%
Cleos Frey
87.5%
Aemon the Dragonknight
87.3%
Marq Piper
87.3%
Septa Mordane
87.3%
Harren Hoare
87.2%
Alester Florent
87.2%
Lothar Frey
87.1%
Merrett Frey
87.1%
Jorah Mormont
87%
% Correct
Mance Rayder
87%
Selyse Florent
87%
Jon Connington
86.9%
Jonos Bracken
86.8%
Big Walder Frey
86.8%
Walder Frey
86.5%
Maester Pycelle
86.3%
Styr, Magnar of Thenn
86.3%
Lysa Tully
86.1%
Hosteen Frey
85.9%
Axell Florent
85.6%
Jeor Mormont
85.4%
Septa Lemore
85.4%
Brynden Tully
85.4%
Maester Colemon
85.2%
Varys
85.1%
Orton Merryweather
85.1%
Taena Merryweather
85%
Thoren Smallwood
85%
Haldon Halfmaester
84.8%
Roslin Frey
84.7%
Emmon Frey
83.9%
Maester Luwin
83.5%
Lollys Stokeworth
83.4%
Edric Storm
83.4%
Qhorin Halfhand
83.3%
Amory Lorch
83.3%
Edmure Tully
82.7%
Varamyr Sixskins
82.5%
Othell Yarwyck
82.2%
Nestor Royce
82.1%
Steelshanks Walton
82%
Xaro Xhoan Daxos
81.7%
Falyse Stokeworth
81.7%
Vardis Egen
81.2%
Edwyn Frey
81%
Maester Cressen
80.8%
Alliser Thorne
80.7%
Dagmer Cleftjaw
80.7%
Septon Meribald
80.6%
Reznak mo Reznak
80.1%
Harys Swyft
79.6%
Denys Mallister
78.6%
Khal Drogo
78.3%
Robett Glover
78.3%
Dontos Hollard
78.1%
Jason Mallister
77.7%
Maester Pylos
77.7%
Jory Cassel
77.6%
Ramsay Bolton
77.5%
Godry Farring
77.1%
Thoros of Myr
77%
Arys Oakheart
76.9%
Roose Bolton
76.8%
Mord
76.5%
Leathers
76.4%
Skahaz mo Kandaq
76.4%
Eddison Tollett
76.3%
Daario Naharis
76.2%
Olenna Redwyne
76.2%
Mya Stone
76.1%
Stonesnake
76%
Florian
75.4%
Cleon the Great
75.4%
Shagwell
75.3%
Rodrik Cassel
75.1%
Rodrik Harlaw
74.3%
Lyle Crakehall
74.2%
Davos Seaworth
73.9%
Vargo Hoat
73.8%
Gerris Drinkwater
73.4%
Craster
73.1%
Jeyne Westerling
73.1%
Meryn Trant
72.9%
Aurane Waters
72.6%
Yandry
72.5%
Jacelyn Bywater
72.3%
Hallis Mollen
72.2%
Hodor
72.1%
Tormund Giantsbane
72.1%
Three-Finger Hobb
71.8%
Tattered Prince
71.7%
Lothor Brune
71.3%
Paxter Redwyne
71.2%
Lyn Corbray
70.8%
Gared
70.3%
Rakharo
69.1%
Pretty Meris
68.9%
Meera Reed
68.7%
Tom of Sevenstreams
68.4%
Salladhor Saan
68.1%
Osha
67.7%
Devan Seaworth
66.8%
Illyrio Mopatis
66.4%
Archibald Yronwood
66.2%
Bronn
65.8%
Jaqen H'ghar
65.7%
Hizdahr zo Loraq
65.1%
Harma Dogshead
64.9%
Osmund Kettleblack
64.8%
% Correct
Gilly
64.7%
Ronnet Connington
64.6%
Gerold Dayne
64.6%
Podrick Payne
64.3%
Small Paul
64.2%
Shagga
64%
Lem Lemoncloak
63.7%
Osney Kettleblack
63.2%
Osfryd Kettleblack
63.1%
Ygritte
62.9%
Arthur Dayne
62.9%
Pyat Pree
62.7%
Cotter Pyke
62.7%
Qotho
62.4%
Doreah
62.1%
Jojen Reed
61.5%
Dareon
61.1%
Shae
61.1%
Tysha
60.6%
Areo Hotah
60.4%
Gendry
60.3%
Jaremy Rykker
60%
Cortnay Penrose
60%
Yoren
60%
Ilyn Payne
59%
Harwin
59%
Tytos Blackwood
58.6%
Boros Blount
58.3%
Creighton Longbough
58%
Mirri Maz Duur
57.6%
Balon Swann
57.5%
Josmyn Peckledon
57.5%
Halder
57.3%
Biter
57.3%
Syrio Forel
56.5%
Dalla
56.4%
Jeyne Poole
56.1%
Will
55.7%
Dick Crabb
54.8%
Rattleshirt
54.3%
Donal Noye
53.7%
Polliver
53.6%
Garin
53%
Fat Tom
52.4%
Janos Slynt
51.6%
Yohn Royce
51.1%
Iron Emmett
50.8%
Hot Pie
50.7%
Kraznys mo Nakloz
50.6%
Galazza Galare
50.3%
Tristifer Botley
50%
Pypar
49.3%
Holly
47.5%
Irri
46.9%
Rolly Duckfield
46.6%
Justin Massey
46.6%
Penny
45.4%
Old Nan
45.1%
Gyles Rosby
44.7%
Groleo
44.5%
Clayton Suggs
44.4%
Patchface
40.9%
Ben Plumm
40.4%
Chett
40.2%
Timett
40.1%
Mathis Rowan
39.7%
Pate (Oldtown)
39.7%
Jhiqui
39%
Qarl the Maid
38.7%
Tickler
38.5%
Rafford
37.5%
Val
36.7%
Wex Pyke
36%
Qyburn
34.5%
Yezzan zo Qaggaz
34.2%
Satin
33.5%
Mully
33.4%
Horse
32.9%
Jhogo
32.8%
Moon Boy
32.5%
Belwas
32.4%
Jarl
29.2%
Rorge
29%
Mikken
28.4%
Brusco
27.8%
Aggo
27.2%
Hyle Hunt
26.3%
Moqorro
25.8%
Owen the Oaf
25.6%
Dywen
24.2%
Anguy
24%
Weese
23.2%
Pia
22%
Nurse
21.2%
Mycah
20.3%
Clydas
18.7%
Toad
16.9%
Nute the Barber
15.4%

You're not logged in!

Compare scores with friends on all Sporcle quizzes.
OR
Log In

Show Comments

Extras

Top Quizzes Today


Score Distribution

Your Account Isn't Verified!

In order to create a playlist on Sporcle, you need to verify the email address you used during registration. Go to your Sporcle Settings to finish the process.

Report this User

Report this user for behavior that violates our Community Guidelines.

Details: